000 nam a22 7a 4500
999 _c28554
_d28554
008 170308b xxu||||| |||| 00| 0 eng d
020 _aQ 163 .S76 1966
100 _aStone,George R.
_d1966
245 _aScience projects you can do.
260 _aNJ:
_bPrentice-hall,
_c1966.
300 _a101.p
942 _2lcc
_cBOOKS
_hQ 163 .S76 1966